000 00600nam a2200265Ia 4500
005 20260306163717.0
008 008 260114s9999 xx 000 0 eng d
020 _a9780824870324
037 _aEBOOK
040 _aCRL
040 _beng
040 _cCRL
041 _2eng
041 _aeng
084 _qCRL
100 _aNogelmeier
_91129206
245 0 _aI Ulu I Ke Kumu
260 _bUniversity of Hawaii Press
260 _c2016
650 _aSocial Work
856 _uhttps://academic.oup.com/book/14584
942 _cEBOOK
999 _c1711179
_d1711179